Pavimentos artísticos Escofet y Cia., S. en C.
Descripción Física:
[2] f., 32 làm., col. ; 55 cm
Colección:
Album ; Nº 6
MARC
| LEADER | 00000nam a2200000Ia 4500 | ||
|---|---|---|---|
| 001 | 9726 | ||
| 003 | BGR | ||
| 005 | 20260324175607.0 | ||
| 008 | 160829s9999 xx 000 0 cat d | ||
| 080 | |a R-12-76 | ||
| 110 | 2 | |a Escofet y Cia., S. en C. |9 70765 | |
| 245 | |a Pavimentos artísticos Escofet y Cia., S. en C. | ||
| 260 | |a Barcelona : |b (J. Thomas), [1905 ?] | ||
| 300 | |a [2] f., 32 làm., col. ; |c 55 cm | ||
| 490 | |a Album ; Nº 6 | ||
| 590 | |a Exemplar numerat (núm. 511) a nom de Diputació Provincial de Barcelona.vbcrlfDissenys de paviments de diferents artistes: A. de Riquer, Ll. Domènec, A. Gallisà, J. Puig i Cadafalch, entre altres. | ||
| 590 | |a Conté un full solt amb la tarifa de preus per metre quadrat. | ||
| 650 | |a Paviments |9 34455 | ||
| 650 | |a Mosaics |9 34456 | ||
| 901 | |a Arxiu | ||
| 942 | |n 1 |2 udc |c MON | ||
| 952 | |0 0 |1 0 |4 0 |6 R1276 |7 1 |9 46520 |a Arxiu |b Arxiu |d 2016-12-01 |l 0 |o R-12-76 |p 9726 |r 2016-12-01 00:00:00 |w 2016-12-01 |y ARXIU | ||
| 999 | |c 50311 |d 50311 | ||